Límites probables de las conquistas árabes en la frontera superior / (Record no. 59859)

MARC details
000 -LEADER
campo de control de longitud fija 00762nam a2200193 i 4500
001 - NÚMERO DE CONTROL
campo de control 59859
003 - IDENTIFICADOR DE NÚMERO DE CONTROL
campo de control ES-MaACL
005 - FECHA Y HORA DE LA ÚLTIMA TRANSACCIÓN
campo de control 20230906164119.0
007 - CAMPO FIJO DE DESCRIPCIÓN FÍSICA--INFORMACIÓN GENERAL
campo de control de longitud fija t|
008 - DATOS DE LONGITUD FIJA--INFORMACIÓN GENERAL
campo de control de longitud fija 031031s1957 po ||||1| spa d
100 1# - ENTRADA PRINCIPAL--NOMBRE DE PERSONA
Nombre de persona Escagües de Javierre, Isidoro.
9 (RLIN) 47455
245 10 - MENCIÓN DEL TÍTULO
Título Límites probables de las conquistas árabes en la frontera superior /
Mención de responsabilidad, etc. por Isidoro Escagües de Javierre.
260 ## - PUBLICACIÓN, DISTRIBUCIÓN, ETC.
Lugar de publicación, distribución, etc. Coimbra :
Nombre del editor, distribuidor, etc. [s.n.,
Fecha de publicación, distribución, etc. 1957] (
Fabricante Graf. de Coimbra)
300 ## - DESCRIPCIÓN FÍSICA
Extensión 14 p. ;
Dimensiones 26 cm.
500 ## - NOTA GENERAL
Nota general Es Separata de: Publicaçoes do XXIII Congreso Luso-Espanhol, T. VIII.
500 ## - NOTA GENERAL
Nota general Precede al tít.: Associaçao Portuguesa pra o Progresso das Ciencias.
710 2# - ENTRADA AGREGADA--NOMBRE DE ENTIDAD CORPORATIVA
Nombre de entidad corporativa o nombre de jurisdicción como elemento de entrada Associaçao Portuguesa para o Progresso das Ciencias.
9 (RLIN) 1802
852 ## - LOCALIZACIÓN
Ubicación ES-MaACL
Número de control de estantería 2022-F-15
Sublocalización o colección R.48275
Holdings
Estatus retirado Estado de pérdida Estado de daño No para préstamo Colección Biblioteca de origen Biblioteca actual Ubicación en estantería Fecha de adquisición Fuente de adquisición Total de préstamos Signatura topográfica completa Código de barras Visto por última vez Precio de reemplazo Tipo de ítem Koha
        Colección de folletos Biblioteca del Ateneo de Madrid Biblioteca del Ateneo de Madrid Depósito folletos 17/01/2008     2022-F-15 1062780 23/02/2023 23/02/2023 Folleto